ঢাকা : (Record no. 44588)
[ view plain ]
| 000 -LEADER | |
|---|---|
| fixed length control field | 01146nam a2200265 a 4500 |
| 001 - CONTROL NUMBER | |
| control field | 44588 |
| 003 - CONTROL NUMBER IDENTIFIER | |
| rucl marc code | BD-RjUL |
| 005 - DATE AND TIME OF LATEST TRANSACTION | |
| control field | 20211209053903.0 |
| 008 - FIXED-LENGTH DATA ELEMENTS--GENERAL INFORMATION | |
| fixed length control field | 160718r19941993bg a|||| |||| 001 0 ben d |
| 020 ## - INTERNATIONAL STANDARD BOOK NUMBER | |
| International Standard Book Number | 9840731424 |
| Terms of availability | : TK 250.00 |
| 035 ## - SYSTEM CONTROL NUMBER | |
| System control number | (BD-RjUL)44706 |
| 040 ## - CATALOGING SOURCE | |
| Original cataloging agency | BD-RjUL |
| Language of cataloging | ben |
| Transcribing agency | BD-RjUL |
| 041 ## - LANGUAGE CODE | |
| Language code of text/sound track or separate title | ben |
| 082 ## - DEWEY DECIMAL CLASSIFICATION NUMBER | |
| Edition number | 23 |
| Classification number | 915.4922 |
| Author mark and year | MAD 1994 |
| 100 1# - MAIN ENTRY--PERSONAL NAME | |
| Personal name | মামুন, মুনতাসীর |
| 9 (RLIN) | 136789 |
| 245 10 - TITLE STATEMENT | |
| Title | ঢাকা : |
| Remainder of title | স্মৃতি বিস্মৃতির নগরী / |
| Statement of responsibility, etc. | মুনতাসীর মামুন |
| 260 ## - PUBLICATION, DISTRIBUTION, ETC. (IMPRINT) | |
| Place of publication, distribution, etc. | ঢাকা : |
| Name of publisher, distributor, etc. | বাংলা একাডেমী, |
| Date of publication, distribution, etc. | ১৯৯৩ [পুনর্মুদ্রণ ১৯৯৪] |
| 300 ## - PHYSICAL DESCRIPTION | |
| Pagination | [১৬], ৩৮৮ পৃ. : |
| Illustrations | চিত্র ; |
| Size | ২৪ সেমি. |
| 490 ## - SERIES STATEMENT | |
| Series statement | বাএ ; |
| Volume/sequential designation | ৩১৩৩ |
| 504 ## - BIBLIOGRAPHY, ETC. NOTE | |
| Bibliography, etc | সংযুক্ত নির্দেশিকা |
| 651 ## - SUBJECT ADDED ENTRY--GEOGRAPHIC NAME | |
| Geographic name | বাংলাদেশ |
| Geographic subdivision | ঢাকা |
| General subdivision | হ্যান্ডবুক, ম্যানুয়ালস |
| 9 (RLIN) | 240747 |
| Geographic name | Bangladesh |
| Geographic subdivision | Dhaka |
| General subdivision | Handbooks, Manuals |
| 9 (RLIN) | 240748 |
| 830 ## - SERIES ADDED ENTRY--UNIFORM TITLE | |
| Uniform title | বাএ ; |
| Volume number/sequential designation | ৩১৩৩ |
| 942 ## - ADDED ENTRY ELEMENTS (KOHA) | |
| Source of classification or shelving scheme | Dewey Decimal Classification |
| Koha item type | Books |
| Lost status | Source of classification or shelving scheme | Damaged status | Not for loan | Collection code | Permanent Location | Current Location | Shelving location | Date acquired | Source of acquisition | Cost, normal purchase price | Total Checkouts | Full call number | Date last seen | Date checked out | Copy number | Koha item type |
|---|---|---|---|---|---|---|---|---|---|---|---|---|---|---|---|---|
| Dewey Decimal Classification | Non-fiction | Central Library, University of Rajshahi | Central Library, University of Rajshahi | 24/07/1996 | Dhaka, Book House | 250.00 | 2 | B 915.4922 MAD 1994 | 21/11/2021 | 15/11/2021 | C-2 | Books | ||||
| Dewey Decimal Classification | Not For Loan | Rare Books | Central Library, University of Rajshahi | Central Library, University of Rajshahi | Rare Book Section | 18/01/1995 | Aligarh Library, Rajshahi | 295.00 | BRA 915.4922 MAD 1994 | 11/03/2020 | C-1 | Rare Books |